000 00498nam a2200181Ia 4500
005 20250508151739.0
008 008 250505s9999 xx 000 0 eng d
037 _aTextual
040 _aFEDL
_beng
_cFEDL
041 _aeng
_2eng
084 _a420.7, CIE
_qFEDL
245 0 _aTeaching of english to beginers: A report
245 0 _cC I E
260 _aDelhi, India
_bCentral Institute of Education
300 _a24p.
942 _cTEXL
_h420.7, CIE
999 _c1331880
_d1331880